| 000 | 01482cam a2200349 a 4500 | ||
|---|---|---|---|
| 090 | _c0 | ||
| 001 | 14470391 | ||
| 005 | 20071016104130.0 | ||
| 008 | 060727s2007 flua bf 001 0 eng | ||
| 010 | _a 2006024648 | ||
| 015 |
_aGBA659284 _2bnb |
||
| 016 | 7 |
_a013504891 _2Uk |
|
| 020 | _a0849330955 (alk. paper) | ||
| 020 | _a9780849330957 (alk. paper) | ||
| 035 | _a(OCoLC)ocm70399931 | ||
| 040 |
_aDLC _cDLC _dUKM _dBAKER _dC#P _dYDXCP _dDLC |
||
| 050 | 0 | 0 |
_aTA1520 _b.H37 2007 |
| 082 | 0 | 0 |
_a621.36 _222 _bPHO |
| 245 | 0 | 4 |
_aThe handbook of photonics / _cEdited by Mool C. Gupta, John Ballato. |
| 250 | _a2nd ed. | ||
| 260 |
_aBoca Raton : _bCRC/Taylor & Francis, _cc2007. |
||
| 300 |
_a1 v. (various pagings) : _bill. ; _c27 cm. |
||
| 504 | _aIncludes bibliographical references and index. | ||
| 650 | 0 |
_aPhotonics _vHandbooks, manuals, etc. |
|
| 700 | 1 |
_aGupta, M. C. _q(Mool Chand) |
|
| 700 | 1 | _aBallato, John. | |
| 856 | 4 | 1 |
_3Table of contents only _uhttp://www.loc.gov/catdir/toc/ecip0618/2006024648.html |
| 856 | 4 | 2 |
_3Publisher description _uhttp://www.loc.gov/catdir/enhancements/fy0664/2006024648-d.html |
| 942 |
_2ddc _cREFERENCE |
||
| 999 |
_c10646 _d10646 |
||